000 00576nam a22001937a 4500
005 20251209120315.0
010 _aENG-147263
020 _a9789383546053
_c500.00
035 _aEN-130795
037 _bDBAD
082 _a372
_21
100 _aChabra, Shikha
_985957
245 _aEducation and Modernisation of Child and Women/
_cShikha Chabra
250 _a1
260 _aGuwahati
_bMatri Publishers & Distributor
_c2015
270 _aOpp. Brahmaputra Jute Mill A.K. Azad Road
_bGuwahati
300 _a224p.
_c22cm.(Hb)
942 _2ddc
_cEN
_h372
_mCHA
999 _c213894
_d213894